Briten mit den meisten Bundesliga Einsätzen - Statistiken

Allgemein
  • Dieses Quiz wurde 141 mal gespielt
    46 seit der letzten Aktualisierung
  • Das Durchschnittsergebnis liegt bei 9 aus 32
Antwortstatistiken
Zeitraum Spiele
(Tore)
Nat. Vereine Spieler % Korrekt
seit 2023 63 (62) ENG Bayern Harry Kane
93%
2020–2023 92 (12) ENG Dortmund Jude Bellingham
93%
2017–2024* 118 (40) ENG Dortmund Jadon Sancho
91%
2000–2007 145 (5) ENG Bayern Owen Hargreaves
80%
2022-2025 76 (12) ENG Dortmund Jamie Bynoe-Gittens
73%
2024-2025 36 (2) ENG Bayern Eric Dier
66%
1977–1980 90 (32) ENG Hamburg Kevin Keegan
55%
seit 2016* 66 (8) SCO Leipzig, Bremen Oliver Burke
52%
2019-2023 60 (2) ENG Schalke, Hertha Jonjoe Kenny
50%
seit 2017 84 (2) ENG Gladbach, Augsburg Reece Oxford
43%
1979–1988* 131 (39) ENG Köln Tony Woodcock
27%
2021–2022 12 (0) ENG Bayern Omar Richards
23%
1996-1997 44 (1) SCO Dortmund Paul Lambert
23%
2022–2023 14 (0) ENG Leverkusen Callum Hudson-Odoi
20%
2019–2022 30 (2) WAL Schalke Rabbi Matondo
20%
1987–1988 18 (6) WAL Bayern Mark Hughes
16%
2024-2025 10 (1) ENG Dortmund Carney Chukwuemeka
14%
2018–2019 23 (7) ENG Hoffenheim Reiss Nelson
14%
2022–2023 21 (1) ENG Bremen Lee Buchanan
11%
1989–1992 40 (10) SCO Bayern Alan McInally
9%
seit 2024 32 (3) ENG St. Pauli Oladapo Afolayan
9%
2020–2021 23 (2) ENG Hoffenheim Ryan Sessegnon
9%
1997–1999 10 (1) SCO Dortmund Scott Booth
9%
1987–1990 103 (4) SCO Dortmund Murdo MacLeod
7%
1998–2000 50 (3) SCO Wolfsburg Brian O'Neil
2%
1985–1988 48 (5) ENG Düsseldorf Dean Thomas
2%
2022-2024 20 (0) ENG Bochum Jordi Osei-Tutu
2%
1984–1985 30 (7) SCO Hamburg Mark McGhee
2%
1987-1997 61 (5) ENG Hannover, Frankfurt, Bielefeld Peter Hobday
2%
seit 2024 12 (0) SCO St. Pauli Scott Banks
2%
1982–1986 29 (1) SCO Köln Vince Mennie
2%
1983-1988 66 (6) WAL Uerdingen, Hannover Wayne Thomas
2%
Keine übereinstimmenden Quizze gefunden
Verteilung der Resultate
Anzahl Personen mit jedem Resultat
Perzentil nach korrekt beantworteten Fragen
Ihre Resultats-Entwicklung
Sie haben dieses Quiz seit der letzten Aktualisierung nicht gespielt